[Event "Open 2003 des PSV Rostock"]
[Site "Rostock"]
[Date "2003.08.28"]
[Round "1.1"]
[White "Oelke, Bernd"]
[Black "Seils, Joerg"]
[Result "1/2-1/2"]
[WhiteElo "1826"]
[BlackElo "2370"]
[PlyCount "126"]
[EventDate "2003.08.28"]
[EventType "swiss"]
[EventRounds "7"]
[EventCountry "GER"]
[Source "Th. Schwetlick"]
[SourceDate "2003.08.28"]

1. e4 c5 2. Nc3 e6 3. g3 Nc6 4. Bg2 g6 5. d3 Bg7 6. f4 Nge7 7. Nf3 d5 8. e5 a6
9. O-O O-O 10. Ne2 f6 11. exf6 Bxf6 12. Rb1 Nf5 13. c3 Bd7 14. Bh3 Bg7 15. Bxf5
Rxf5 16. d4 Qe7 17. Be3 cxd4 18. Nexd4 Rff8 19. Qd2 Na5 20. Rbe1 Nc4 21. Qe2
Rae8 22. b3 Nd6 23. Qd3 Ne4 24. Nd2 Nf6 25. N2f3 Ng4 26. Bd2 Qc5 27. Kg2 Qd6
28. h3 Nf6 29. Ne5 Ne4 30. Ndf3 Bb5 31. c4 Nxd2 32. Qxd2 Bc6 33. Qd4 Qa3 34.
Rf2 dxc4 35. Qxc4 Bd5 36. Qe2 Rc8 37. Nd7 Rfd8 38. Nb6 Rc6 39. Nxd5 exd5 40.
Qe7 Qxe7 41. Rxe7 d4 42. Rd2 b5 43. Re4 Rcd6 44. Kf2 Rd5 45. Ne5 R5d6 46. Nf3
a5 47. Rd3 a4 48. b4 Rd5 49. Ke2 Rc8 50. Kd2 Rc4 51. a3 h6 52. h4 Kf7 53. Re1
Bf6 54. g4 h5 55. g5 Bg7 56. Re4 Rd8 57. Ne5+ Bxe5 58. Rxe5 Rdc8 59. Rxb5 Rc2+
60. Kd1 Rc1+ 61. Ke2 R8c2+ 62. Kf3 Rf1+ 63. Kg3 Rg1+ 1/2-1/2

[Event "Open 2003 des PSV Rostock"]
[Site "Rostock"]
[Date "2003.08.28"]
[Round "1.2"]
[White "Schramm, Christian"]
[Black "Gebert, Ralf"]
[Result "1-0"]
[WhiteElo "2353"]
[BlackElo "1815"]
[PlyCount "93"]
[EventDate "2003.08.28"]
[EventType "swiss"]
[EventRounds "7"]
[EventCountry "GER"]
[Source "Th. Schwetlick"]
[SourceDate "2003.08.28"]

1. e4 e5 2. Bc4 Nf6 3. d3 Nc6 4. Nf3 Be7 5. O-O O-O 6. Re1 d6 7. c3 Na5 8. Bb5
a6 9. Ba4 b5 10. Bc2 Bg4 11. h3 Be6 12. Nbd2 c5 13. Nf1 h6 14. Ng3 Nh7 15. d4
cxd4 16. cxd4 Qc7 17. d5 Bd7 18. Bd3 Rac8 19. Qe2 Nb7 20. b4 Rb8 21. Be3 Rfc8
22. a4 Qd8 23. axb5 axb5 24. Ba7 Ra8 25. Bxb5 Qe8 26. Bd3 Ba4 27. Be3 Nf8 28.
Nf5 Ng6 29. Ba6 Qd7 30. Rxa4 Qxa4 31. Bxb7 Rc2 32. Qd1 Rb8 33. Bc6 Qa2 34. b5
Rc4 35. Qa1 Ra4 36. Qxa2 Rxa2 37. b6 Bd8 38. Rb1 Ra6 39. b7 Bc7 40. Nd2 Kf8 41.
Rc1 Ra2 42. Nc4 Rd8 43. Ncxd6 Ne7 44. Nb5 Nxf5 45. exf5 Bb8 46. Bc5+ Kg8 47.
Be7 1-0

[Event "Open 2003 des PSV Rostock"]
[Site "Rostock"]
[Date "2003.08.28"]
[Round "1.3"]
[White "Laser, Dirk"]
[Black "Rudolf, Henrik"]
[Result "0-1"]
[WhiteElo "1801"]
[BlackElo "2316"]
[PlyCount "48"]
[EventDate "2003.08.28"]
[EventType "swiss"]
[EventRounds "7"]
[EventCountry "GER"]
[Source "Th. Schwetlick"]
[SourceDate "2003.08.28"]

1. e4 d6 2. d4 Nf6 3. Nc3 g6 4. Be3 c6 5. Qd2 Nbd7 6. O-O-O e5 7. f4 Ng4 8. Nf3
Nxe3 9. Qxe3 Qe7 10. fxe5 dxe5 11. Bd3 exd4 12. Nxd4 Bg7 13. Kb1 O-O 14. h4 Ne5
15. h5 Bg4 16. Be2 Rfd8 17. hxg6 hxg6 18. Qg3 Bxe2 19. Ndxe2 Nc4 20. Rh3 Qb4
21. b3 Rxd1+ 22. Nxd1 Rd8 23. c3 Rxd1+ 24. Kc2 Rd2+ 0-1

[Event "Open 2003 des PSV Rostock"]
[Site "Rostock"]
[Date "2003.08.28"]
[Round "1.4"]
[White "Knuth, Hannes"]
[Black "Feige, Rene"]
[Result "1-0"]
[WhiteElo "2313"]
[BlackElo "1796"]
[PlyCount "49"]
[EventDate "2003.08.28"]
[EventType "swiss"]
[EventRounds "7"]
[EventCountry "GER"]
[Source "Th. Schwetlick"]
[SourceDate "2003.08.28"]

1. d4 Nf6 2. c4 g6 3. Nc3 d5 4. cxd5 Nxd5 5. e4 Nxc3 6. bxc3 Bg7 7. Bb5+ Bd7 8.
Bc4 O-O 9. Ne2 c5 10. O-O cxd4 11. cxd4 Nc6 12. Rb1 b6 13. d5 Ne5 14. Ba6 Bc8
15. Bxc8 Rxc8 16. Bb2 Qd7 17. Nd4 Nc4 18. Ba1 e6 19. Nc6 exd5 20. Bxg7 Kxg7 21.
exd5 f6 22. Rb4 Nd6 23. Nd4 Rf7 24. h4 Ne4 25. Ne6+ 1-0

[Event "Open 2003 des PSV Rostock"]
[Site "Rostock"]
[Date "2003.08.28"]
[Round "1.5"]
[White "Kasper, Mike"]
[Black "Tomczak, Rafal"]
[Result "0-1"]
[WhiteElo "1794"]
[BlackElo "2295"]
[PlyCount "58"]
[EventDate "2003.08.28"]
[EventType "swiss"]
[EventRounds "7"]
[EventCountry "GER"]
[Source "Th. Schwetlick"]
[SourceDate "2003.08.28"]

1. e4 c5 2. Nf3 d6 3. d4 cxd4 4. Nxd4 Nf6 5. Nc3 a6 6. Be2 e5 7. Nf3 h6 8. O-O
Be7 9. Ne1 O-O 10. Be3 Be6 11. f4 exf4 12. Bxf4 Nc6 13. Kh1 Ne5 14. Nd3 Qc7 15.
Qe1 b5 16. Qg3 Ng6 17. Be3 Nd7 18. Nf4 Nxf4 19. Bxf4 Kh8 20. Rad1 Ne5 21. Bd3
Rac8 22. a3 Rce8 23. Be2 Qc5 24. h3 Rd8 25. Bh5 f5 26. Rde1 Bc4 27. Bxe5 Qxe5
28. Qxe5 dxe5 29. exf5 Bxf1 0-1

[Event "Open 2003 des PSV Rostock"]
[Site "Rostock"]
[Date "2003.08.28"]
[Round "1.6"]
[White "Hueneburg, Christian"]
[Black "Jaeger, Frank"]
[Result "1-0"]
[WhiteElo "2268"]
[BlackElo "1780"]
[PlyCount "87"]
[EventDate "2003.08.28"]
[EventType "swiss"]
[EventRounds "7"]
[EventCountry "GER"]
[Source "Th. Schwetlick"]
[SourceDate "2003.08.28"]

1. e4 e5 2. Nf3 Nf6 3. Nc3 Nc6 4. Bb5 Bc5 5. O-O O-O 6. Nxe5 Nxe5 7. d4 Bd6 8.
dxe5 Bxe5 9. Bg5 c6 10. Bd3 Qa5 11. f4 Bd4+ 12. Kh1 d6 13. Ne2 Bxb2 14. Rb1
Qxa2 15. c3 Be6 16. Bxf6 gxf6 17. Qd2 Ba3 18. Qxa2 Bxa2 19. Ra1 Bc5 20. Rxa2 a5
21. Ng3 b5 22. Nh5 Rfd8 23. g4 b4 24. Rfa1 bxc3 25. Nxf6+ Kg7 26. Nh5+ Kf8 27.
Rxa5 Rxa5 28. Rxa5 Rb8 29. Ra2 Rb2 30. Rxb2 cxb2 31. Kg2 Bd4 32. Kf3 Ke7 33.
Bb1 c5 34. Ke2 c4 35. Kd2 Kd7 36. Ng3 Kc6 37. h4 Kc5 38. h5 Kb4 39. Nf5 Bc5 40.
Kc2 c3 41. g5 Bb6 42. Nxd6 Bc7 43. Nxf7 Bxf4 44. g6 1-0

[Event "Open 2003 des PSV Rostock"]
[Site "Rostock"]
[Date "2003.08.28"]
[Round "1.7"]
[White "Schmidt, Wolfgang"]
[Black "Porsch, Harald"]
[Result "1/2-1/2"]
[WhiteElo "1776"]
[BlackElo "2248"]
[PlyCount "24"]
[EventDate "2003.08.28"]
[EventType "swiss"]
[EventRounds "7"]
[EventCountry "GER"]
[Source "Th. Schwetlick"]
[SourceDate "2003.08.28"]

1. d4 Nf6 2. Nc3 g6 3. e4 d6 4. Bg5 Bg7 5. e5 dxe5 6. dxe5 Qxd1+ 7. Rxd1 Ng8 8.
Nf3 c6 9. Bc4 Bg4 10. Bf4 Nd7 11. Bxf7+ Kxf7 12. e6+ Kxe6 1/2-1/2

[Event "Open 2003 des PSV Rostock"]
[Site "Rostock"]
[Date "2003.08.28"]
[Round "1.8"]
[White "Prosch, Carsten"]
[Black "Illgen, Alexander"]
[Result "1/2-1/2"]
[WhiteElo "2236"]
[BlackElo "1774"]
[PlyCount "100"]
[EventDate "2003.08.28"]
[EventType "swiss"]
[EventRounds "7"]
[EventCountry "GER"]
[Source "Th. Schwetlick"]
[SourceDate "2003.08.28"]

1. Nf3 Nf6 2. g3 g6 3. Bg2 Bg7 4. d4 c5 5. O-O cxd4 6. Nxd4 O-O 7. c4 Nc6 8.
Nc2 d6 9. Nc3 Ne5 10. b3 Rb8 11. Bb2 Bd7 12. Rb1 Qb6 13. Ne3 Bc6 14. Ned5 Nxd5
15. Nxd5 Qd8 16. e4 Bxd5 17. Qxd5 Qc7 18. Qd2 Rfd8 19. Kh1 b6 20. Qc3 Bf6 21.
Qd2 Bg7 22. Rbd1 Qc5 23. Bd4 Qc7 24. f4 Nd7 25. Bxg7 Kxg7 26. Rf3 Nf6 27. Rd3
Re8 28. Qe2 Rbd8 29. g4 h6 30. e5 dxe5 31. fxe5 Ng8 32. Rd5 e6 33. Rd6 Rxd6 34.
exd6 Qc5 35. Qb2+ Kf8 36. Qc3 a5 37. Be4 Rd8 38. d7 Ke7 39. Qg7 Qf2 40. Qe5
Rxd7 41. Rxd7+ Kxd7 42. Bg2 f6 43. Qe4 Ne7 44. h3 e5 45. Qb7+ Kd6 46. Qb8+ Ke6
47. Bd5+ Nxd5 48. Qg8+ Ke7 49. cxd5 Qf3+ 50. Kh2 Qf2+ 1/2-1/2

[Event "Open 2003 des PSV Rostock"]
[Site "Rostock"]
[Date "2003.08.28"]
[Round "1.9"]
[White "Herde, Dittmar"]
[Black "Steinhagen, Bernd"]
[Result "0-1"]
[WhiteElo "1773"]
[BlackElo "2222"]
[PlyCount "94"]
[EventDate "2003.08.28"]
[EventType "swiss"]
[EventRounds "7"]
[EventCountry "GER"]
[Source "Th. Schwetlick"]
[SourceDate "2003.08.28"]

1. d4 Nf6 2. c4 e6 3. Nc3 d5 4. Bg5 Nbd7 5. e3 Be7 6. Nf3 O-O 7. Bd3 dxc4 8.
Bxc4 a6 9. a4 c5 10. dxc5 Nxc5 11. O-O b6 12. b4 Ncd7 13. Qb3 a5 14. b5 Bb7 15.
Nd4 Qc7 16. Bxf6 Bxf6 17. Nce2 Nc5 18. Qa2 Rfd8 19. Rac1 Rd6 20. Nb3 Nxb3 21.
Bxb3 Qd7 22. Rfd1 Rd8 23. Qc2 Rxd1+ 24. Rxd1 Qxd1+ 25. Qxd1 Rxd1+ 26. Bxd1 Kf8
27. f3 Ke7 28. Nf4 Bg5 29. g3 Bxf4 30. gxf4 Bd5 31. Kf2 Kd6 32. Ke2 Kc5 33. Kd3
Kb4 34. Kd4 Bb3 35. Bxb3 Kxb3 36. Kd3 Kxa4 37. Kc4 f6 38. h3 g6 39. h4 e5 40.
fxe5 fxe5 41. e4 h6 42. Kd5 Kb4 43. f4 exf4 44. e5 f3 45. e6 f2 46. e7 f1=Q 47.
e8=Q Qxb5+ 0-1

[Event "Open 2003 des PSV Rostock"]
[Site "Rostock"]
[Date "2003.08.28"]
[Round "1.10"]
[White "Jeske, Eckhard"]
[Black "Kripfganz, Sebastian"]
[Result "1-0"]
[WhiteElo "2213"]
[BlackElo "1764"]
[PlyCount "69"]
[EventDate "2003.08.28"]
[EventType "swiss"]
[EventRounds "7"]
[EventCountry "GER"]
[Source "Th. Schwetlick"]
[SourceDate "2003.08.28"]

1. c4 Nf6 2. Nc3 g6 3. g3 Bg7 4. Bg2 c6 5. e4 d6 6. Nge2 e5 7. O-O O-O 8. h3
Ne8 9. d4 Nc7 10. f4 f6 11. Be3 a5 12. Qc2 Nba6 13. Rad1 Qe7 14. Na4 b5 15. Nb6
Rb8 16. fxe5 fxe5 17. Rxf8+ Bxf8 18. Nxc8 Rxc8 19. h4 h6 20. cxb5 cxb5 21. Qd2
Kh7 22. Qxa5 Ra8 23. Qd2 Bg7 24. a3 Rb8 25. b4 Na8 26. dxe5 dxe5 27. Qd6 Qxd6
28. Rxd6 N6c7 29. Nc3 Ne8 30. Rc6 Nac7 31. Bb6 Rb7 32. Bh3 Na8 33. Ba5 Rb8 34.
Nd5 Rb7 35. Rc8 1-0

[Event "Open 2003 des PSV Rostock"]
[Site "Rostock"]
[Date "2003.08.28"]
[Round "1.11"]
[White "Boettcher, Dietmar"]
[Black "Schoenrock, Ruediger"]
[Result "0-1"]
[WhiteElo "1751"]
[BlackElo "2203"]
[PlyCount "32"]
[EventDate "2003.08.28"]
[EventType "swiss"]
[EventRounds "7"]
[EventCountry "GER"]
[Source "Th. Schwetlick"]
[SourceDate "2003.08.28"]

1. Nf3 d5 2. d4 Nf6 3. Bg5 Ne4 4. Bh4 c5 5. e3 Nc6 6. c3 Qb6 7. Qc2 Bf5 8. Bd3
c4 9. Bxe4 Bxe4 10. Qc1 f6 11. O-O g5 12. Bg3 h5 13. h3 e6 14. Nbd2 Bd3 15. Rd1
Qa6 16. Ne1 Be2 0-1

[Event "Open 2003 des PSV Rostock"]
[Site "Rostock"]
[Date "2003.08.28"]
[Round "1.12"]
[White "Gottschalk, Jens"]
[Black "Vladov, Mark"]
[Result "1-0"]
[WhiteElo "2195"]
[BlackElo "1735"]
[PlyCount "41"]
[EventDate "2003.08.28"]
[EventType "swiss"]
[EventRounds "7"]
[EventCountry "GER"]
[Source "Th. Schwetlick"]
[SourceDate "2003.08.28"]

1. d4 Nf6 2. c4 g6 3. Nc3 Bg7 4. e4 d6 5. f3 c6 6. Be3 a6 7. Bd3 b5 8. b3 Be6
9. Nge2 O-O 10. O-O Ne8 11. Rc1 f5 12. d5 bxc4 13. Bxc4 cxd5 14. Bxd5 Nc7 15.
Bxe6+ Nxe6 16. Qd5 Qd7 17. Nf4 Kf7 18. Nxe6 Qxe6 19. Qxa8 Rc8 20. Ne2 Nc6 21.
Qxa6 1-0

[Event "Open 2003 des PSV Rostock"]
[Site "Rostock"]
[Date "2003.08.28"]
[Round "1.13"]
[White "Rath, Wolfgang"]
[Black "Priebe, Jan"]
[Result "0-1"]
[WhiteElo "1730"]
[BlackElo "2181"]
[PlyCount "66"]
[EventDate "2003.08.28"]
[EventType "swiss"]
[EventRounds "7"]
[EventCountry "GER"]
[Source "Th. Schwetlick"]
[SourceDate "2003.08.28"]

1. e4 c5 2. Nf3 Nc6 3. d4 cxd4 4. Nxd4 Nf6 5. Nc3 e5 6. Ndb5 d6 7. Bg5 a6 8.
Na3 Be6 9. h3 Rc8 10. Bxf6 Qxf6 11. Nd5 Bxd5 12. exd5 Nb8 13. Nc4 Nd7 14. Ne3
g6 15. Bd3 Qe7 16. g4 e4 17. Be2 Bg7 18. c3 O-O 19. O-O f5 20. gxf5 gxf5 21.
Ng2 f4 22. Bg4 f3 23. Ne3 Rf4 24. Kh1 Rcf8 25. Rg1 Ne5 26. Be6+ Kh8 27. Rg3 Nd3
28. Qg1 R4f6 29. Rf1 Nf4 30. Bg4 Ne2 31. Qh2 Nxg3+ 32. Qxg3 Rg6 33. Qh2 Be5 0-1

[Event "Open 2003 des PSV Rostock"]
[Site "Rostock"]
[Date "2003.08.28"]
[Round "1.14"]
[White "Roehl, Rainer"]
[Black "Hamann, Dirk"]
[Result "0-1"]
[WhiteElo "2180"]
[BlackElo "1709"]
[PlyCount "78"]
[EventDate "2003.08.28"]
[EventType "swiss"]
[EventRounds "7"]
[EventCountry "GER"]
[Source "Th. Schwetlick"]
[SourceDate "2003.08.28"]

1. d4 Nf6 2. c4 e6 3. Nc3 d5 4. Nf3 c6 5. e3 Bd6 6. Bd3 dxc4 7. Bxc4 O-O 8. e4
Bb4 9. Qe2 c5 10. dxc5 Bxc5 11. O-O Nc6 12. Bg5 e5 13. Rad1 Qb6 14. Na4 Qa5 15.
Nxc5 Qxc5 16. Bxf6 gxf6 17. h3 Be6 18. Bxe6 fxe6 19. Nd2 Nd4 20. Qg4+ Kh8 21.
Nb3 Qb6 22. Qh4 Rf7 23. Rd3 Rg8 24. Rfd1 Ne2+ 25. Kh2 Nf4 26. Rg3 Ng6 27. Qg4
Qxf2 28. Rd2 Qb6 29. Qd1 Qc7 30. Rd6 Re7 31. Rc3 Qb8 32. Rcd3 Ree8 33. Rd7 Nf4
34. g3 Nxd3 35. Qxd3 Rd8 36. h4 Rxd7 37. Qxd7 Qc8 38. Qe7 Qc2+ 39. Kh3 Qf2 0-1

[Event "Open 2003 des PSV Rostock"]
[Site "Rostock"]
[Date "2003.08.28"]
[Round "1.15"]
[White "Raitza, Egon"]
[Black "Hornych, Christoph"]
[Result "0-1"]
[WhiteElo "1684"]
[BlackElo "2169"]
[PlyCount "64"]
[EventDate "2003.08.28"]
[EventType "swiss"]
[EventRounds "7"]
[EventCountry "GER"]
[Source "Th. Schwetlick"]
[SourceDate "2003.08.28"]

1. d4 Nf6 2. c4 c5 3. d5 b5 4. cxb5 a6 5. bxa6 Bxa6 6. Nc3 g6 7. g3 d6 8. Bg2
Bg7 9. Nf3 O-O 10. O-O Nbd7 11. Re1 Qb6 12. Rb1 Ng4 13. Qc2 Bc4 14. Bg5 Bxa2
15. Nxa2 Rxa2 16. Qe4 Ngf6 17. Qc4 Rxb2 18. Rxb2 Qxb2 19. Bh3 Nb6 20. Qd3 c4
21. Qd4 c3 22. Qd3 Nbxd5 23. Nd4 Nb4 24. Qc4 d5 25. Qc7 Ne4 26. Bc1 Qa2 27. Nc6
Nxc6 28. Qxc6 Bd4 29. Be3 Bxe3 30. fxe3 Qd2 31. Rf1 Qxe3+ 32. Kh1 Nf2+ 0-1

[Event "Open 2003 des PSV Rostock"]
[Site "Rostock"]
[Date "2003.08.28"]
[Round "1.16"]
[White "Dettmann, Gerd"]
[Black "Burghardt, Bernd"]
[Result "1-0"]
[WhiteElo "2162"]
[BlackElo "1663"]
[PlyCount "55"]
[EventDate "2003.08.28"]
[EventType "swiss"]
[EventRounds "7"]
[EventCountry "GER"]
[Source "Th. Schwetlick"]
[SourceDate "2003.08.28"]

1. e4 e5 2. Nf3 Nc6 3. Bb5 a6 4. Ba4 Nf6 5. O-O b5 6. Bb3 Be7 7. Re1 d6 8. c3
O-O 9. d4 Bg4 10. d5 Na5 11. Bc2 c5 12. Nbd2 Nh5 13. h3 Bc8 14. Nxe5 Nf4 15.
Nd3 Nxh3+ 16. gxh3 Bxh3 17. Nf4 Bd7 18. Nf1 Qc8 19. Ng3 Nc4 20. Nf5 Bf6 21. Nh5
Kh8 22. Bf4 Nxb2 23. Qf3 Bxf5 24. exf5 Nc4 25. Nxf6 gxf6 26. Kh1 Qd8 27. Qh5
Qd7 28. Qh6 1-0

[Event "Open 2003 des PSV Rostock"]
[Site "Rostock"]
[Date "2003.08.28"]
[Round "1.17"]
[White "Suliga, Eckhard"]
[Black "Schroeder, Christian"]
[Result "0-1"]
[WhiteElo "1661"]
[BlackElo "2155"]
[PlyCount "74"]
[EventDate "2003.08.28"]
[EventType "swiss"]
[EventRounds "7"]
[EventCountry "GER"]
[Source "Th. Schwetlick"]
[SourceDate "2003.08.28"]

1. e4 c5 2. Nf3 d6 3. d4 cxd4 4. Nxd4 Nf6 5. Nc3 a6 6. Bg5 e6 7. f4 Be7 8. Qf3
Qc7 9. O-O-O O-O 10. g4 Nc6 11. f5 Ne5 12. Qg3 Nfxg4 13. Bxe7 Qxe7 14. Bh3 h5
15. Rhg1 Qf6 16. Rdf1 Qh6+ 17. Kb1 b5 18. Rf4 h4 19. Qg2 Qxf4 20. Bxg4 Qxg4 21.
Qxg4 Nxg4 22. Rxg4 exf5 23. exf5 Re8 24. Kc1 Re5 25. Rf4 Bb7 26. Rxh4 Rae8 27.
Kd2 b4 28. Nce2 Bd5 29. Rf4 Bxa2 30. b3 a5 31. Nc1 Bb1 32. Nd3 Re4 33. Rxe4
Rxe4 34. Nf3 a4 35. Kc1 Ba2 36. Nd2 Rd4 37. bxa4 b3 0-1

[Event "Open 2003 des PSV Rostock"]
[Site "Rostock"]
[Date "2003.08.28"]
[Round "1.18"]
[White "Wagner Michel, Annett"]
[Black "Krueger, Alexander"]
[Result "1-0"]
[WhiteElo "2145"]
[BlackElo "1640"]
[PlyCount "41"]
[EventDate "2003.08.28"]
[EventType "swiss"]
[EventRounds "7"]
[EventCountry "GER"]
[Source "Th. Schwetlick"]
[SourceDate "2003.08.28"]

1. e4 e6 2. d3 d5 3. Nd2 b6 4. g3 Bb7 5. Bg2 Nc6 6. Ngf3 Qd7 7. O-O Be7 8. Re1
O-O-O 9. e5 d4 10. Ne4 f6 11. exf6 gxf6 12. Bh3 Kb8 13. Ned2 f5 14. Qe2 Nb4 15.
Nc4 Bxf3 16. Qxf3 Nxc2 17. Bg2 c6 18. Ne5 Qc8 19. Nxc6+ Kc7 20. Bf4+ Kd7 21.
Ne5+ 1-0

[Event "Open 2003 des PSV Rostock"]
[Site "Rostock"]
[Date "2003.08.28"]
[Round "1.19"]
[White "Heinisch, Uwe"]
[Black "Hammel, Ralf"]
[Result "1/2-1/2"]
[WhiteElo "1622"]
[BlackElo "2120"]
[PlyCount "72"]
[EventDate "2003.08.28"]
[EventType "swiss"]
[EventRounds "7"]
[EventCountry "GER"]
[Source "Th. Schwetlick"]
[SourceDate "2003.08.28"]

1. d4 Nf6 2. Nf3 e6 3. e3 b6 4. Bd3 Ba6 5. O-O d5 6. c3 Bxd3 7. Qxd3 Be7 8.
Nbd2 O-O 9. e4 c5 10. e5 Nfd7 11. Re1 Nc6 12. Nf1 cxd4 13. cxd4 Nb4 14. Qb3 Qc7
15. Ne3 Rfc8 16. Bd2 Nc2 17. Nxc2 Qxc2 18. Qxc2 Rxc2 19. Bc3 Ba3 20. Rac1 Rxc1
21. Rxc1 Be7 22. Bd2 Bd8 23. Ne1 b5 24. f4 Bb6 25. Nf3 Nf8 26. Bb4 Nd7 27. Kf1
h6 28. g4 Re8 29. Ke2 f6 30. Kd3 Kf7 31. h4 Kg6 32. h5+ Kf7 33. Nh4 Nf8 34.
Bxf8 Rxf8 35. Ng6 Rd8 36. a3 Rd7 1/2-1/2

[Event "Open 2003 des PSV Rostock"]
[Site "Rostock"]
[Date "2003.08.28"]
[Round "1.20"]
[White "Ruesch, Hans Joachim"]
[Black "Ernst, Mathias"]
[Result "1/2-1/2"]
[WhiteElo "2110"]
[BlackElo "1612"]
[PlyCount "101"]
[EventDate "2003.08.28"]
[EventType "swiss"]
[EventRounds "7"]
[EventCountry "GER"]
[Source "Th. Schwetlick"]
[SourceDate "2003.08.28"]

1. d4 d5 2. Nf3 Nf6 3. c4 c6 4. Nc3 e6 5. e3 Be7 6. Qc2 dxc4 7. Bxc4 b5 8. Bd3
Na6 9. a3 b4 10. Bxa6 Bxa6 11. axb4 Qb6 12. Qa4 Bb7 13. b5 O-O 14. bxc6 Bxc6
15. Qd1 Rfd8 16. O-O Bd6 17. Qe2 Ne4 18. Nxe4 Bxe4 19. Nd2 Bd5 20. e4 Bb7 21.
Nf3 a5 22. Rd1 Ba6 23. Qe1 Bc4 24. Bd2 a4 25. e5 Be7 26. Bc3 Rdc8 27. Nd2 Bd5
28. Qe3 Qc6 29. f3 a3 30. Ne4 Rcb8 31. Rdc1 Rb3 32. Nd2 axb2 33. Rxa8+ Qxa8 34.
Nxb3 bxc1=Q+ 35. Nxc1 Qa3 36. Bd2 Qxe3+ 37. Bxe3 Bc4 38. Kf2 Bh4+ 39. g3 Be7
40. Bd2 Kf8 41. Ke3 Bg5+ 42. f4 Bd8 43. Nd3 g5 44. Nb4 gxf4+ 45. gxf4 f5 46.
Nc6 Ke8 47. Ba5 Bh4 48. Bb4 Kd7 49. Na5 Bd5 50. Kd3 Be4+ 51. Ke3 1/2-1/2

[Event "Open 2003 des PSV Rostock"]
[Site "Rostock"]
[Date "2003.08.28"]
[Round "1.21"]
[White "Roehl, Ivonne"]
[Black "Kutschke, Peter"]
[Result "0-1"]
[WhiteElo "1588"]
[BlackElo "2109"]
[PlyCount "44"]
[EventDate "2003.08.28"]
[EventType "swiss"]
[EventRounds "7"]
[EventCountry "GER"]
[Source "Th. Schwetlick"]
[SourceDate "2003.08.28"]

1. d4 d5 2. c4 Bf5 3. Nc3 e6 4. Nf3 c6 5. e3 Nd7 6. cxd5 exd5 7. Be2 Bd6 8. O-O
h6 9. Nd2 Ngf6 10. a3 a5 11. Nf3 O-O 12. Bd2 Re8 13. Rc1 Ne4 14. Ne1 Qe7 15.
Nd3 Qg5 16. Nxe4 dxe4 17. f4 exf3 18. Rxf3 Be4 19. Rf2 Re6 20. Qf1 Qh4 21. g3
Bxg3 22. Rg2 Bxh2+ 0-1

[Event "Open 2003 des PSV Rostock"]
[Site "Rostock"]
[Date "2003.08.28"]
[Round "1.22"]
[White "Miersch, Marco"]
[Black "Hinkelmann, Dieter"]
[Result "1-0"]
[WhiteElo "2106"]
[BlackElo "1552"]
[PlyCount "49"]
[EventDate "2003.08.28"]
[EventType "swiss"]
[EventRounds "7"]
[EventCountry "GER"]
[Source "Th. Schwetlick"]
[SourceDate "2003.08.28"]

1. e4 c5 2. Nf3 e6 3. d4 cxd4 4. Nxd4 a6 5. Bd3 Qb6 6. Nb3 Qc7 7. O-O Nf6 8.
Re1 Nc6 9. f4 d6 10. c4 Be7 11. Nc3 O-O 12. Be3 b6 13. Rc1 Qb8 14. Qf3 Ra7 15.
e5 dxe5 16. Qxc6 exf4 17. Bd4 Nd7 18. Rxe6 Nc5 19. Rxe7 Nxd3 20. Rxa7 Nxc1 21.
Ra8 Qxa8 22. Qxa8 Nd3 23. Nd5 Re8 24. Qxc8 Rxc8 25. Ne7+ 1-0

[Event "Open 2003 des PSV Rostock"]
[Site "Rostock"]
[Date "2003.08.28"]
[Round "1.23"]
[White "Roesch, Christian"]
[Black "Van Bentum, Horst"]
[Result "1/2-1/2"]
[WhiteElo "1550"]
[BlackElo "2090"]
[PlyCount "91"]
[EventDate "2003.08.28"]
[EventType "swiss"]
[EventRounds "7"]
[EventCountry "GER"]
[Source "Th. Schwetlick"]
[SourceDate "2003.08.28"]

1. d4 Nf6 2. c4 e6 3. Nf3 b6 4. Nc3 Bb4 5. Bg5 h6 6. Bxf6 Qxf6 7. Qd3 Bb7 8. e4
Nc6 9. a3 Bxc3+ 10. bxc3 d6 11. Qe3 e5 12. Bd3 O-O 13. O-O Na5 14. h3 c5 15. d5
Ba6 16. Nd2 Qf4 17. Qe2 g6 18. g3 Qg5 19. Kh2 Qe7 20. f4 f6 21. Qg4 Kh7 22. f5
g5 23. Qe2 Rg8 24. g4 Qd7 25. Qd1 Rab8 26. Qc2 Rg7 27. Kg3 Qe8 28. a4 Kg8 29.
Rh1 Rbb7 30. Qa2 h5 31. Rh2 hxg4 32. hxg4 Rh7 33. Rah1 Rxh2 34. Rxh2 Rh7 35.
Nf1 Qf7 36. Ne3 Rxh2 37. Qxh2 Qh7 38. Qxh7+ Kxh7 39. Kf3 Nb3 40. Ke2 Bc8 41.
Bc2 Na5 42. Kd2 Kg7 43. Kc1 Bd7 44. Kb2 Kf7 45. Ka3 Ke7 46. Bd3 1/2-1/2

[Event "Open 2003 des PSV Rostock"]
[Site "Rostock"]
[Date "2003.08.28"]
[Round "1.24"]
[White "Schinke, Andreas"]
[Black "Niessner, Robert"]
[Result "1-0"]
[WhiteElo "2072"]
[BlackElo "1533"]
[PlyCount "99"]
[EventDate "2003.08.28"]
[EventType "swiss"]
[EventRounds "7"]
[EventCountry "GER"]
[Source "Th. Schwetlick"]
[SourceDate "2003.08.28"]

1. Nf3 Nf6 2. g3 d5 3. Bg2 Bf5 4. O-O e6 5. d4 Bd6 6. c4 c6 7. Qb3 Qc7 8. Nc3
Nbd7 9. Be3 O-O 10. Rac1 dxc4 11. Qxc4 Nb6 12. Qb3 Qd7 13. Nh4 Bg6 14. Nxg6
hxg6 15. Bg5 Be7 16. Rfd1 Nfd5 17. Bxe7 Qxe7 18. Ne4 Rfd8 19. Nc5 Rab8 20. Nd3
Rbc8 21. a4 Rc7 22. a5 Nc8 23. a6 bxa6 24. Nc5 a5 25. Qa4 Ncb6 26. Qxa5 Rdc8
27. e3 Nd7 28. Rd2 Nxc5 29. Rxc5 Qd6 30. Rdc2 Rb7 31. Qa6 Rbc7 32. Qa3 Rb8 33.
Qa4 Rb6 34. e4 Ne7 35. d5 Rxb2 36. e5 Qxe5 37. Rxb2 Qxb2 38. d6 Qb6 39. dxe7
Rxe7 40. Rxc6 Qb1+ 41. Bf1 g5 42. Rc8+ Kh7 43. Qg4 Qg6 44. Qb4 Qf6 45. Ra8 Rd7
46. Qe4+ Qf5 47. Qe3 Qa5 48. Bd3+ g6 49. Qe2 Qd5 50. Qh5+ 1-0

[Event "Open 2003 des PSV Rostock"]
[Site "Rostock"]
[Date "2003.08.28"]
[Round "1.25"]
[White "Salden, Franziska"]
[Black "Oldach, Ehrenfried"]
[Result "0-1"]
[WhiteElo "1513"]
[BlackElo "2057"]
[PlyCount "50"]
[EventDate "2003.08.28"]
[EventType "swiss"]
[EventRounds "7"]
[EventCountry "GER"]
[Source "Th. Schwetlick"]
[SourceDate "2003.08.28"]

1. e4 e5 2. Nf3 Nc6 3. d4 exd4 4. Nxd4 Bc5 5. Be3 Qf6 6. c3 Nge7 7. Bc4 Ne5 8.
Bb3 d6 9. h3 O-O 10. O-O Qg6 11. Kh2 Qxe4 12. Bg5 N7c6 13. Bc2 Qd5 14. Nxc6
bxc6 15. Nd2 Ng4+ 16. hxg4 Qxg5 17. Ne4 Qh4+ 18. Kg1 Bxg4 19. Qd2 Bb6 20. Qf4
f5 21. Ng3 Qf6 22. Kh1 Rae8 23. Ba4 Re6 24. Bxc6 Qh4+ 25. Kg1 Rh6 0-1